000 01633cam a2200337 4500
001 ABS64650
008 011022n2001 000 0 eng u
035 _a(Sirsi) u115243
100 _aJohnston, B
245 2 _aA retail renaissance for our town centres
260 _c2001
490 _aPlanning (for the Natural and Built Environment)
_v12 October 2001, 15-17(2)
520 _aExamines current trends in the retail sector which include the revival of town centre retail developments. Points to the Bull Ring shopping centre in Birmingham as an illustration of city centre shopping as encouraged by the revised PPG6 and discusses the impact of PPG13 and the Kyoto agreement on Bristol's Cribbs Causeway. Highlights the success of provincial shopping centres which are out performing London and the South East, and suggests that out-of-town sites are still booming in spite of PPG6. Concludes that a new stance on retail planning may be required to overcome restraints such as hierarchial models. Table.
590 _aABS
650 _aPROPERTY-COMMERCIAL PROPERTY-RETAIL PROPERTY-RETAIL PROPERTY MARKET
650 _aREGENERATION
650 _aSUSTAINABLE DEVELOPMENT
650 _aRETAIL DEVELOPMENT
650 _aTOWN CENTRES
650 _aBRISTOL
650 _aBIRMINGHAM
650 _aOUT-OF-TOWN DEVELOPMENTS
650 _aSHOPPING CENTRES
650 _aRETAIL RENTS
650 _aFLOORSPACE
650 _aRETAIL PLANNING
650 _aPLANNING POLICY GUIDANCE NOTE SIX
650 _aPLANNING POLICY GUIDANCE NOTE 13
690 _aPROPERTY-COMMERCIAL PROPERTY-RETAIL PROPERTY
942 _n0
999 _c68629
_d68629